Statistics for Wine Regions of Napa Valley

Click here to take the quiz!

General Stats

  • This quiz has been taken 42 times
  • The average score is 5 of 8

Answers on the Map

Answers color-coded by a green-red scale on the quiz's map according to % correct below.
 

Answer Stats

Answer% Correct
Los Carneros
87%
St. Helena
73%
Mount Veeder
60%
Oakville
60%
Rutherford
60%
Stags Leap
53%
Calistoga
47%
Howell Mountain
40%

Score Distribution

Percentile by Number Answered

Percent of People with Each Score

Your Score History

You have not taken this quiz